| LEADER 00000nam 2200000uu 4500 |
| 001 1068 |
| 003 ULIBM |
| 008 231129s2554||||th 000 0 tha d |
| 020 ^a9786161107581
|
| 060 04 ^aW85^bอ488ม
|
| 100 0 ^aอังคณา สุเมธสิทธิกุล
|
| 245 10 ^aมาตรฐานพฤติกรรมบริการ /^cผู้เขียน, อังคณา สุเมธสิทธิกุล, บุษบา บุศยพลากร
|
| 250 ^aพิมพ์ครั้งที่ 1
|
| 260 ^aกรุงเทพฯ :^bองค์สงเคราะห์ทหารผ่านศึก,^c2554.
|
| 300 ^a56 หน้า :^bตาราง ;^c21 ซม.
|
| 490 1 ^aชุดคู่มือความรู้ด้านสุขภาพและการบริการในโรงพยาบาลส่งเสริมสุขภาพตำบล ;^vเล่มที่ 17
|
| 650 7 ^aพฤติกรรม
|
| 650 7 ^aบริการ
|
| 710 2 ^aสำนักงานปลัดกระทรวงสาธารณสุข. ^bโครงการเพิ่มพูนความรู่ในรพ.สต.
|
| 999 ^aรอมือละห์
|